LEADER 02108nam0 2200433 i 450 001 MIL0379204 005 20231121125546.0 010 $a2728303940 010 $a8400077091 020 $aIT$b2000-802s 100 $a19980902d1998 ||||0itac50 ba 101 | $amul 102 $ait 181 1$6z01$ai $bxxxe 182 1$6z01$an 200 1 $a˜L'œincastellamento$eactes des rencontres de Gérone, 26-27 novembre 1992 et de Rome, 5-7 mai 1994$fpubliés sous la direction de Miquel Barceló et de Pierre Toubert 210 $aRome$cÉcole française de Rome$aEscuela española de historia y arqueología en Roma$d1998 215 $aXVIII, 350 p.$cill.$d28 cm 225 | $aCollection de l'École française de Rome$v241 300 $aAltro front. in spagnolo. 410 0$1001CFI0016288$12001 $aCollection de l'École française de Rome$v241$171202$aÉcole française de Rome$3CFIV017404 606 $aCastelli$xItalia$2FIR$3RMLC123771$9I 606 $aCastelli$xSpagna$2FIR$3RMLC193648$9I 606 $aSpagna$xVita sociale$xSec. 8.-13.$xCongressi Gérone 1992$2FIR$3RMLC193649$9I 606 $aItalia$xVita sociale$xSec. 8.-13.$xCongressi Roma 1994$2FIR$3RMLC193651$9I 702 1$aBarceló$b, Miquel$3BVEV014890 702 1$aToubert$b, Pierre$3CFIV065147 801 3$aIT$bIT-01$c19980902 850 $aIT-RM028 $aIT-RM0418 $aIT-RM0285 $aIT-RM1251 $aIT-FR0017 899 $aBiblioteca Universitaria Alessandrina$bRM028 899 $aBIBLIOTECA ACCADEMIA NAZ. DEI LINCEI E CORSINIANA$bRM0418 899 $aBiblioteca Dell'Istituto Nazionale Di Studi Romani$bRM0285 899 $aFONDAZIONE GIUSEPPE EMANUELE E VERA MODIGLIANI$bRM1251 899 $aBiblioteca umanistica Giorgio Aprea$bFR0017 912 $aMIL0379204 950 0$aBiblioteca umanistica Giorgio Aprea$d 52MAG 1 Coll L 241$e 52FLS0000221715 VMN RS $fA $h20161124$i20161124 977 $a 01$a 10$a 13$a 15$a 52 996 $aIncastellamento$9484879 997 $aUNICAS